000 00749cam a22002653a 4500
001 23872
003 PGUSA
005 20140828083517.0
008 071215s2007||||xxu|||||s|||||000 1 eng d
040 _aPGUSA
_beng
042 _adc
050 4 _aPS
100 1 _aHarness, Charles L.,
_d1915-2005
245 1 4 _aThe Professional Approach
_h[electronic resource] /
_cCharles L. Harness
260 _bProject Gutenberg,
_c2007
506 _aPublic domain in the USA.
516 _aElectronic text
653 _aShort stories
653 _aScience fiction
653 _aInventions -- Fiction
700 1 _aSchoenherr, John,
_d1935-2010
830 0 _aProject Gutenberg
_v23872
856 4 0 _uhttp://www.gutenberg.org/ebooks/23872
942 _cEB
999 _c253127
_d253127